Normal view
MARC view
- FIBER OPTICS, OPTICAL WAVE GUIDES, ELECTROMAGNETIC WAVES TRANSMISSION
Entry Topical Term
001 - CONTROL NUMBER
- control field: 59625
003 - CONTROL NUMBER IDENTIFIER
- control field: NUST
005 - DATE AND TIME OF LATEST TRANSACTION
- control field: 20210628202357.0
008 - FIXED-LENGTH DATA ELEMENTS
- fixed length control field: 210628|| aca||aabn | a|a d
040 ## - CATALOGING SOURCE
- Original cataloging agency: NUST
- Transcribing agency: NUST
150 ## - HEADING--TOPICAL TERM
- Topical term or geographic name entry element: FIBER OPTICS, OPTICAL WAVE GUIDES, ELECTROMAGNETIC WAVES TRANSMISSION
670 ## - SOURCE DATA FOUND
- Source citation: Work cat.: (NUST): Rowe, Harrison E 59624, Electromagnetic propagation in multi mode random media, 1999
